| 000 | 01212cam a2200289 4500 | ||
|---|---|---|---|
| 001 | ##L131188 | ||
| 002 | ##9078 | ||
| 008 | 050720n2005 000 0 eng u | ||
| 020 | _a0727733702 | ||
| 035 | _a(Sirsi) u131188 | ||
| 041 | 0 | _aeng | |
| 050 | 0 | 4 | _a624.08 $2 18 |
| 110 | 2 |
_aInstitution of Civil Engineers _91402 |
|
| 240 | 0 | 0 | _aPSC |
| 245 | _aProfessional Services Contract | ||
| 250 | _a3rd ed. | ||
| 260 |
_aLondon _bThomas Telford _c2005 |
||
| 300 |
_aiv, 58p. _c30cm. |
||
| 350 | _a25 | ||
| 490 |
_aNew Engineering Contract (Third Edition) _vProfessional Services Contract (Third Edition) |
||
| 520 | _aIntended for use to appoint any provider of professional services, this contract offers four principle options. Two dispute resolution options follow before the introduction of a secondary range of options which may or may not be used in various combinations. | ||
| 520 | _aSupersedes second edition (ISBN 072772634X). | ||
| 650 | 2 | 4 | _aNEW ENGINEERING CONTRACT (THIRD EDITION) |
| 650 | 2 | 4 | _aNEC PROFESSIONAL SERVICES CONTRACT (THIRD EDITION) |
| 690 | _aBUILT ENVIRONMENT-BUILDING CONTRACT FORMS-STANDARD FORMS OF BUILDING CONTRACT-NEW ENGINEERING CONTRACT CONTRACTS | ||
| 942 | _n0 | ||
| 999 |
_c104671 _d104671 |
||